000 00429nam a22001697a 4500
005 20160429122830.0
008 160429b xxu||||| |||| 00| 0 eng d
020 _a0230-63885-6
041 _aeng
082 _b00847
100 _aJ.K. Sharma
_9242
245 _aOperations Research Theory and Applications.
260 _bMAC Millan Publisherinding kinderslay
_c1997
300 _a957
650 _aManagement
_9241
942 _cBK
999 _c278
_d278